000 00879nam a2200253 a 4500
001 BRCA_5381
005 20190320205044.0
008 091210s1991----enka######---#000-0#eng-#
020 _a090587966X
041 _aeng
044 _aenk
050 4 _aN5208
_b.M55 1991
245 1 0 _aMiller´s antiques price guide
_b1992 (Volume XIII)
_ccompiled and edited by Judith and Martin Miller.
260 _aInglaterra
_bMillers
_c1991
300 _a799 p.
_bil.
_c28 cm.
500 _aIncluye directorio de especialistas, directorio de subastadores e índice alfabético
500 _aDonación Dr. Héctor Rivero Borrell Vázquez
650 1 4 _aAntigüedades
_vCatálogos
_xSubastas
_913765
650 1 4 _aArte
_vSubastas
_xColeccionistas y colecciones
_913766
700 1 _aMiller, Judith
_eEditora
_913767
700 1 _aMiller, Martin
_eEditor
_913768
902 _aDHR
942 _2lcc
_cB
999 _c5075
_d5075